Cyanobacterial toxins of drinking water supplies

সংরক্ষণ করুন:
গ্রন্থ-পঞ্জীর বিবরন
প্রধান লেখক: Falconer, Robert
বিন্যাস: গ্রন্থ
ভাষা:Undetermined
প্রকাশিত: Boca Raton CRC Press 2005
বিষয়গুলি:
ট্যাগগুলো: ট্যাগ যুক্ত করুন
কোনো ট্যাগ নেই, প্রথমজন হিসাবে ট্যাগ করুন!
Thư viện lưu trữ: Trung tâm Học liệu Trường Đại học Cần Thơ
LEADER 00600nam a2200193Ia 4500
001 CTU_100259
008 210402s9999 xx 000 0 und d
020 |c 1709000 
082 |a 615.952939 
082 |b F183 
100 |a Falconer, Robert 
245 0 |a Cyanobacterial toxins of drinking water supplies 
245 0 |c Robert Falconer 
260 |a Boca Raton 
260 |b CRC Press 
260 |c 2005 
650 |a Cyanobacterial toxins,Microcystins,Cyanobacteria,Freshwater microbiology,Bacterial pollution of water 
904 |i Truc 
980 |a Trung tâm Học liệu Trường Đại học Cần Thơ